Zdobywcy Małej Kryształowej Kuli za loty narciarskie - Statystyki

Ogólne statystyki
  • Ten quiz został rozwiązany 24 razy
  • Średni wynik to 17 z 28
Statystyki odpowiedzi
Hint Odpowiedź % Poprawnych
2018/2019 Ryoyu Kobayashi
89%
2016/2017 Stefan Kraft
89%
2019/2020 Stefan Kraft
89%
2022/2023 Stefan Kraft
89%
2008/2009 Gregor Schlierenzauer
84%
2010/2011 Gregor Schlierenzauer
84%
2012/2013 Gregor Schlierenzauer
84%
2024/2025 Domen Prevc
79%
2013/2014 Peter Prevc
74%
2014/2015 Peter Prevc
74%
2015/2016 Peter Prevc
74%
1994/1995 Andreas Goldberger
63%
1995/1996 Andreas Goldberger
63%
1998/1999 Martin Schmitt
63%
2000/2001 Martin Schmitt
63%
2009/2010 Robert Kranjec
63%
2011/2012 Robert Kranjec
63%
1997/1998 Sven Hannawald
58%
1999/2000 Sven Hannawald
58%
2023/2024 Daniel Huber
53%
2020/2021 Karl Geiger
53%
1996/1997 Primoż Peterka
53%
2017/2018 Andreas Stjernen
42%
2021/2022 Żiga Jelar
32%
1992/1993 Jaroslav Sakala
16%
1993/1994 Jaroslav Sakala
16%
1990/1991 Stefan Zund
0%
1991/1992 Werner Rathmayr
0%
Nie znaleziono quizów pasujących do podanych kryteriów
Rozkład punktacji
Procent ludzi z każdym wynikiem
Percentyl według liczby udzielonych odpowiedzi
Twoja historia wyników
Nie rozwiązałeś tego quizu